000 00554nam a2200193Ia 4500
005 20250923144408.0
008 008 250917s9999 xx 000 0 eng d
037 _aTextual
040 _aDSWL
_beng
_cDSWL
041 _aeng
_2eng
084 _aL9C;7:4:691, N48
_qDSWL
245 0 _aPediatrice and the emotional needs of the child
_cEd.by H.L Witmer
260 _aNew York
_b Commanwealth fund
_c1948
300 _a180 p.
365 _aUSD
_b1.5
925 _g1.5
942 _cTEXL
_hL9C;7:4:691, N48
999 _c1438319
_d1438319